| 000 | 00518nam a2200229Ia 4500 | ||
|---|---|---|---|
| 003 | OSt | ||
| 005 | 20220912144326.0 | ||
| 006 | a|||||r|||| 00| 0 | ||
| 007 | ta | ||
| 008 | 220909b |||||||| |||| 00| 0 eng d | ||
| 020 | _aSL01027946 | ||
| 024 | _a196176 | ||
| 037 | _cTextual | ||
| 040 |
_aCSL _beng _cCSL |
||
| 041 | _aeng | ||
| 082 | _aY7:1, N6 | ||
| 100 | _aOkely J | ||
| 245 | 0 | _aOwn or other culture | |
| 700 | _aOkely J | ||
| 942 |
_hY7:1, N6 _cTEXL _2CC |
||
| 999 |
_c4961 _d4961 |
||